Struktur perniagaan runcit disemenanjung Malaysia

Bibliographic Details
Main Author: Zainal Abidin Mohd.Said
Format: Book
Published: Kuala Lumpur : Arenabuku Sdn.Bhd. , 1989
Subjects:

MARC

LEADER 00000cam a2200000 7i4500
001 0000003921
002 000004222
005 20000330.0
020 |a T000000322 
090 0 0 |a 381.109595   |b ZAI 
100 0 |a Zainal Abidin   |u bin   |a Mohd.Said 
245 1 0 |a Struktur perniagaan runcit disemenanjung Malaysia   |c Zainal Abidin Mohd.Said 
260 |a Kuala Lumpur :   |b Arenabuku Sdn.Bhd. ,   |c 1989 
300 |a 142p. ;   |c 21cm. 
650 0 0 |a Refail frade   |z Malaysis 
999 |a 029264   |b BUKU   |c PINJAMAN   |e PERPUSTAKAAN KOMUNITI PETALING JAYA